Dinosaur Name Meanings 1 - Statistics

General Stats
  • This quiz has been taken 26 times
  • The average score is 6 of 8
Answer Stats
Name Root Words Translation % Correct
Iguanodon iguana, odontos iguana tooth
91%
Triceratops tri, keras, ops three-horned face
91%
Tyrannosaurus rex tyrannos, sauros, rex tyrant lizard king
91%
Brontosaurus bronte, sauros thunder lizard
77%
Allosaurus allos, sauros different lizard
68%
Micropachycephalosaurus micros, pachys, kephalon, sauros small thick-headed lizard
64%
Velociraptor velox, raptor swift thief
59%
Struthiomimus stroutheios, mimos ostrich mimic
55%
No matching quizzes found
Score Distribution
Percent of People with Each Score
Percentile by Number Answered
Your Score History
You have not taken this quiz